Sześć stopni oddalenia – Miasta - Statystyki

Ogólne statystyki
  • Ten quiz został rozwiązany 34 razy
  • Średni wynik to 11 z 24
Statystyki odpowiedzi
Kolor Wskazówka Miasto % Poprawnych
Zielony Stolicą Wielkiej Brytanii jest… Londyn
100%
Zielony Który posiada największą populację Polonii w swoim kraju, podobnie jak amerykańskie… Chicago
68%
Niebieski "Wieczne miasto" to... Rzym
68%
Zielony Który w 1967 roku podpisał partnerstwo z niemieckim miastem… Berlin
65%
Żółty Który leży w obszarze metropolitarnym… Warszawa
65%
Żółty Jedna z największych polskich mafii lat 90. została założona w… Pruszków
61%
Zielony Który stanowi trzeci najbardziej zaludniony obszar miejski na literę L po Lagos i... Los Angeles
58%
Niebieski Który był gospodarzem tenisowego Wielkiego Szlamu, razem z Londynem, Nowym Jorkiem i… Melbourne
58%
Niebieski Którego jedynym miastem partnerskim jest… Paryż
58%
Czerwony Beatelsi rozpoczęli karierę w… Liverpool
55%
Żółty Które jest stolicą państwa europejskiego na literę P, tak jak… Lizbona
55%
Czerwony Później przez kilka miesięcy mieszkali w niemieckim mieście… Hamburg
52%
Zielony Który znajduje się około 300 km na północny zachód od miasta-państwa, jakim jest… Singapur
48%
Zielony Gdzie do 1998 roku znajdował się najwyższy budynek na świecie, a rekord został pobity przez… Kuala Lumpur
45%
Czerwony Który jest największym "burgiem" w Europie zaraz po… Petersburg
42%
Czerwony Który jest największym miastem w państwie, którego funkcję faktycznej stolicy pełni… Berno
32%
Czerwony Gdzie Einstein pracował jako urzędnik patentowy podczas badań, które doprowadziły do tego, że otrzymał Nagrodę Nobla w… Sztokholm
32%
Czerwony Gdzie w 1917 roku zjawił się Lenin po powrocie z emigracji w… Zurych
32%
Żółty Z której stolicę tego państwa przeniesiono w 1808 roku do… Rio de Janeiro
19%
Niebieski W którym miała miejsce gorączka złota, zaledwie kilka lat po… San Francisco
19%
Niebieski W którym urodził się Bruce Lee, 32 lata przed tym, jak zmarł w… Hongkong
16%
Żółty Które jest anagramem… Kioto
16%
Żółty Które było gospodarzem Letnich Igrzysk Olimpijskich 5 lat przed… Tokio
16%
Niebieski Który od północy graniczy z miastem… Shenzhen
6%
Nie znaleziono quizów pasujących do podanych kryteriów
Rozkład punktacji
Procent ludzi z każdym wynikiem
Percentyl według liczby udzielonych odpowiedzi
Twoja historia wyników
Nie rozwiązałeś tego quizu